000 01001nam a2200253Ia 4500
003 OSt
005 20221005111412.0
006 a|||||r|||| 00| 0
007 ta
008 221004b |||||||| |||| 00| 0 hin d
020 _a8170556724 (hbk)
_c195
024 _a97692
037 _b564, 23/03/2009, Vani Prakashan
_cTextual
040 _aCRL
_cCRL
_bhin
041 _2hin
_ahin
082 _aO152:g(Y), P0
100 _aशंभुनाथ
245 0 _aसंस्कृतिकी उत्तरकथा
_b भारतीय विपर्यय और पुनर्निर्माण के प्रश्न
246 _aSanskṛutikī uttarakathā: bhāratīya viparyaya aur punarnirmāṇ ke prashna
260 _aनई दिल्ली
_bवाणी प्रकाशन भारत
_c2000
300 _a230पृ0
_ccm.
942 _hO152:g(Y), P0
_cTEXL
_2cc
999 _c1021741
_d1021741